Представление документа в формате RUSMARC

ПолеНазваниеЗначение
  Тип записи a
  Библиографический уровень m
001 Контрольный номер a39b9075f5f34db3afb0e8bd8d032d73
005 Дата корректировки 20240913115437.3
010 Индекс ISBN __
a ISBN 978-5-00211-505-1
b Уточнения в пер.
100 Данные общей обработки __
a Данные общей обработки 20240801d 0rusy0189## ca
101 Язык документа 0_
a Язык текста rus
102 Страна публикации __
a Страна публикации RU
200 Заглавие и сведения об ответственности 1_
a Заглавие Ключик к дружбе
f Первые сведения об ответственности Елена Ульева
e Сведения, относящиеся к заглавию [для чтения взрослыми детям]
g Последующие сведения об ответственности ил. Натальи Голышевой
210 Выходные данные 1_
a Место издания Москва
c Издательство Клевер-Медиа-Групп
d Дата издания 2024
215 Физическое описание __
a Объем 63, [1] с.
c Иллюстрации/тип воспроизводства цв. ил.
225 Серия 2_
a Серия Семейные ценности
333 Примечание о целевом назначении __
a Примечание о целевом назначении 0+
606 Тематические рубрики 0_
a Основная рубрика Семейное воспитание и образование. Семейная педагогика
610 Ключевые слова 0_
a Ключевые слова семейное воспитание; приобщение к чтению; семейное чтение; культура чтения; обучение чтению; семейная педагогика; воспитание эмоций; воспитание культуры общения
686 Индексы других классификаций __
a Классификационный индекс 74.9
700 Автор _1
a Фамилия Ульева
b Имя (инициалы) Е. А.
g Полное личное имя Елена Александровна
801 Источник записи _0
a Страна RU
b Организация УОБДЮ
c Дата составления 20240801
g Правила каталогизации RCR
801 Источник записи _1
a Страна RU
b Организация УОБДЮ
c Дата составления 20240801
g Правила каталогизации RCR
852 Данные о местонахождении __
i Авторский знак У 51
j Шифр хранения 74.9
900 Электронные ресурсы __
a Имя электронного ресурса 589042
901 Тип документа __
t Тип документа m
905 Данные по созданию БЗ __
b Логин пользователя, который создал БЗ imm
905 Данные по созданию БЗ __
a Дата создания БЗ 202409
b Логин пользователя, который создал БЗ o7
909 Создатель записи __
b Дата создания записи 20240801